[Event "NED-ch U20 op"]
[Site "Borne"]
[Date "2019.08.07"]
[Round "5"]
[White "Akulova, Alicia"]
[Black "Van Roon, Sjoerd"]
[Result "1-0"]
[WhiteElo "1702"]
[BlackElo "2072"]
[PlyCount "117"]
[EventDate "2019.08.05"]
[EventType "swiss"]
[EventRounds "9"]
[EventCountry "NED"]
[SourceTitle "CBM 191 Extra"]
[Source "ChessBase"]
[SourceDate "2019.09.30"]
[SourceVersion "1"]
[SourceVersionDate "2019.09.30"]
[SourceQuality "1"]

1. e4 c5 2. Nf3 Nc6 3. d4 cxd4 4. Nxd4 Nf6 5. Nc3 e5 6. Ndb5 d6 7. Nd5 Nxd5 8. exd5 Ne7 9. c4 a6 10. Qa4 axb5 11. Qxa8 bxc4 12. Bxc4 f5 13. Bd2 f4 14. Bb5+ Kf7 15. Rc1 Qb6 16. a4 Qd8 17. Ba5 b6 18. Ba6 bxa5 19. Bxc8 Qb6 20. Be6+ Kf6 21. 0-0 Ng6 22. Rc6 Qb4 23. Qe8 Kg5 24. Qf7 Kh6 25. Rc3 Be7 26. Rh3+ Bh4 27. g3 Rf8 28. Qa7 Rf6 29. gxh4 Nf8 30. h5 Nxe6 31. dxe6 Qc4 32. e7 Qe6 33. e8Q Qxe8 34. Qb7 e4 35. Qd5 Re6 36. Kh1 Qe7 37. Rg1 Re5 38. Qd2 Rf5 39. Qd4 d5 40. Rc1 Qe6 41. Rb3 Rf6 42. Rd1 Qg4 43. Qxd5 Rf5 44. Qe6+ g6 45. Rg1 Qxh5 46. Qxe4 Qh4 47. Qf3 Rh5 48. h3 Qf6 49. Rg4 Rf5 50. Rb5 g5 51. Rxf5 Qxf5 52. Qc6+ Kh5 53. Qe8+ Kh6 54. Kh2 f3 55. Qc6+ Kh5 56. Rg3 Qe5 57. Qxf3+ Kh6 58. h4 Kg7 59. Qc3 1-0

[Event "EU-ch U16 Girls 28th"]
[Site "Riga"]
[Date "2018.08.26"]
[Round "6"]
[White "Akulova, Alicia"]
[Black "Petrovska, Arina"]
[Result "1/2-1/2"]
[WhiteElo "1772"]
[BlackElo "1584"]
[PlyCount "76"]
[EventDate "2018.08.20"]
[EventType "swiss"]
[EventRounds "9"]
[EventCountry "LAT"]
[SourceTitle "CBM 186 Extra"]
[Source "ChessBase"]
[SourceDate "2018.08.24"]
[SourceVersion "1"]
[SourceVersionDate "2018.08.24"]
[SourceQuality "1"]

1. e4 d5 2. exd5 Qxd5 3. Nc3 Qd6 4. d4 a6 5. Nf3 Nf6 6. g3 Bg4 7. Bg2 Nc6 8. Bf4 Qd7 9. h3 Bxf3 10. Bxf3 e6 11. 0-0 0-0-0 12. d5 exd5 13. Bg5 Kb8 14. Nxd5 Qf5 15. Bxf6 gxf6 16. Bg2 Nb4 17. c4 c6 18. Ne3 Rxd1 19. Nxf5 Rxf1+ 20. Kxf1 Bc5 21. a3 Nd3 22. b4 Ba7 23. c5 Ne5 24. f4 Nc4 25. Ke2 Rd8 26. Rd1 Rxd1 27. Kxd1 a5 28. Kc2 Nxa3+ 29. Kb3 Nb5 30. Nh6 axb4 31. Kxb4 Nd4 32. Ng8 Ne2 33. Nxf6 Nxg3 34. Nxh7 Nh5 35. f5 Ng3 36. Ng5 f6 37. Nh7 Nxf5 38. Nxf6 Kc7 1/2-1/2

[Event "EU-ch U16 Girls 28th"]
[Site "Riga"]
[Date "2018.08.23"]
[Round "4"]
[White "Golsta, Ramona"]
[Black "Akulova, Alicia"]
[Result "1-0"]
[WhiteElo "1661"]
[BlackElo "1772"]
[PlyCount "43"]
[EventDate "2018.08.20"]
[EventType "swiss"]
[EventRounds "9"]
[EventCountry "LAT"]
[SourceTitle "CBM 186 Extra"]
[Source "ChessBase"]
[SourceDate "2018.08.24"]
[SourceVersion "1"]
[SourceVersionDate "2018.08.24"]
[SourceQuality "1"]

1. d4 c5 2. d5 e5 3. c4 f5 4. e4 d6 5. Bd3 fxe4 6. Bxe4 Ne7 7. Bg5 Qa5+ 8. Nc3 Nf5 9. Nge2 h6 10. Bd2 Qc7 11. Nb5 Qf7 12. Qa4 Bd7 13. Qc2 Na6 14. 0-0 Be7 15. f4 0-0 16. fxe5 dxe5 17. d6 Bg5 18. Bxg5 hxg5 19. Bd5 Be6 20. Rxf5 Nb4 21. Rxf7 Nxc2 22. Rxf8+ 1-0

[Event "EU-ch U16 Girls 27th"]
[Site "Mamaia"]
[Date "2017.09.11"]
[Round "6"]
[White "Andolfatto, Maria"]
[Black "Akulova, Alicia"]
[Result "0-1"]
[WhiteElo "1969"]
[BlackElo "1763"]
[PlyCount "68"]
[EventDate "2017.09.05"]
[EventType "swiss"]
[EventRounds "9"]
[EventCountry "ROU"]
[SourceTitle "CBM 180 Extra"]
[Source "ChessBase"]
[SourceDate "2017.10.06"]
[SourceVersion "1"]
[SourceVersionDate "2017.10.06"]
[SourceQuality "1"]

1. Nf3 Nf6 2. c4 g6 3. g3 c6 4. Bg2 Bg7 5. d4 d5 6. cxd5 Nxd5 7. 0-0 0-0 8. Nc3 Nxc3 9. bxc3 c5 10. e3 Qc7 11. Qe2 Nd7 12. Bd2 e5 13. Rfc1 Qd6 14. dxe5 Nxe5 15. Nxe5 Qxe5 16. Rab1 Rb8 17. c4 Qe7 18. Bc3 Qc7 19. Bxg7 Kxg7 20. Rd1 Bd7 21. Qb2+ Kg8 22. Qf6 Rfe8 23. Bd5 Be6 24. e4 Qe7 25. Qc3 Qc7 26. Rd2 Bd7 27. Qf3 Bc6 28. h4 Re7 29. h5 Rbe8 30. Rbd1 b6 31. h6 Ba4 32. Rc1 Qe5 33. Kg2 Qg5 34. Rh1 Qxd2 0-1

[Event "BEL-ch op"]
[Site "Niel"]
[Date "2017.07.03"]
[Round "3"]
[White "Akulova, Alicia"]
[Black "Verlinden, Patrick"]
[Result "1-0"]
[WhiteElo "1528"]
[BlackElo "1798"]
[PlyCount "59"]
[EventDate "2017.07.01"]
[EventType "swiss"]
[EventRounds "9"]
[EventCountry "BEL"]
[SourceTitle "EXT 2018"]
[Source "ChessBase"]
[SourceDate "2017.10.13"]
[SourceVersion "1"]
[SourceVersionDate "2017.10.13"]
[SourceQuality "1"]

1. e4 d5 2. exd5 Nf6 3. Nc3 Nxd5 4. d4 g6 5. Nf3 Bg7 6. g3 Bg4 7. Bg2 Nc6 8. Ne2 0-0 9. 0-0 Qd7 10. Re1 Rad8 11. c3 e5 12. dxe5 Nxe5 13. Nxe5 Bxe5 14. Qb3 c6 15. Bh6 Rfe8 16. Rad1 Qf5 17. Bxd5 cxd5 18. Rxd5 Bf3 19. Rxd8 Rxd8 20. c4 Rd3 21. Qb4 Bd6 22. Qa4 Bc6 23. Qxa7 f6 24. Nf4 Kf7 25. Nxd3 Qf3 26. Kf1 Qxd3+ 27. Re2 Bf3 28. Qe3 Qb1+ 29. Re1 Bg2+ 30. Kxg2 1-0

[Event "BEL-ch U16 Girls"]
[Site "Blankenberge"]
[Date "2017.04.15"]
[Round "9"]
[White "Akulova, Alicia"]
[Black "Dhaenens, Elke"]
[Result "0-1"]
[WhiteElo "1518"]
[BlackElo "1243"]
[PlyCount "122"]
[EventDate "2017.04.09"]
[EventType "swiss"]
[EventRounds "9"]
[EventCountry "BEL"]
[SourceTitle "CBM 178 Extra"]
[Source "ChessBase"]
[SourceDate "2017.06.22"]
[SourceVersion "1"]
[SourceVersionDate "2017.06.22"]
[SourceQuality "1"]

1. e4 e5 2. Nf3 Nc6 3. Nc3 Nf6 4. d4 exd4 5. Nxd4 Nxd4 6. Qxd4 d6 7. Bg5 Be7 8. 0-0-0 0-0 9. f3 h6 10. Be3 Be6 11. h4 Nh5 12. Bf2 Bf6 13. Qd2 Be5 14. Ne2 f5 15. Bd4 fxe4 16. Bxe5 dxe5 17. Qe3 Qf6 18. Qxe4 c6 19. Qe3 Bxa2 20. b3 e4 21. Nc3 Bxb3 22. cxb3 exf3 23. Bc4+ Kh8 24. g4 Rae8 25. Qd2 Nf4 26. g5 Qf5 27. gxh6 gxh6 28. Qf2 Ng6 29. Qg3 Qf4+ 30. Qxf4 Nxf4 31. Rhf1 Ng2 32. Rd7 b5 33. Bd3 Re1+ 34. Rxe1 Nxe1 35. Bf1 Ng2 36. Rd2 Nxh4 37. Rh2 Rf4 38. Nd1 Kg7 39. Rf2 Kg6 40. Bh3 b4 41. Kc2 Rd4 42. Ne3 Kg5 43. Nc4 Kf4 44. Be6 Kg3 45. Rf1 f2 46. Nd2 Nf3 47. Nxf3 Kxf3 48. Bc8 Kg2 49. Ba6 h5 50. Rc1 h4 51. Bf1+ Kg3 52. Kb2 Rd2+ 53. Kb1 h3 54. Bc4 h2 55. Ba6 Kg2 56. Bf1+ Kg3 57. Bc4 Rd4 58. Ba6 Rg4 59. Kc2 Kf3 60. Kd2 Rg1 61. Be2+ Kg2 0-1

[Event "Wch U14 Girls"]
[Site "Khanty-Mansiysk"]
[Date "2016.09.29"]
[Round "7"]
[White "Akulova, Alicia"]
[Black "Nayberg, Simona"]
[Result "1-0"]
[WhiteElo "1563"]
[BlackElo "1807"]
[PlyCount "89"]
[EventDate "2016.09.22"]
[EventType "swiss"]
[EventRounds "11"]
[EventCountry "RUS"]
[SourceTitle "EXT 2017"]
[Source "ChessBase"]
[SourceDate "2016.10.25"]
[SourceVersion "1"]
[SourceVersionDate "2016.10.25"]
[SourceQuality "1"]

1. e4 Nf6 2. Nc3 d5 3. e5 d4 4. exf6 dxc3 5. fxg7 cxd2+ 6. Qxd2 Qxd2+ 7. Bxd2 Bxg7 8. 0-0-0 Bg4 9. f3 Be6 10. Ne2 Nc6 11. Bc3 Rg8 12. Bxg7 Rxg7 13. Nf4 Bd7 14. g4 0-0-0 15. Bd3 Ne5 16. Be4 f6 17. Bd5 c6 18. Ne6 Bxe6 19. Bxe6+ Kc7 20. Rxd8 Kxd8 21. Rf1 Kc7 22. f4 Ng6 23. h3 b5 24. Kd2 a5 25. Ke3 Nf8 26. Bf5 e6 27. Bd3 Nd7 28. c4 b4 29. b3 Kb6 30. Bc2 Kc5 31. Rg1 h6 32. h4 Nb6 33. g5 hxg5 34. fxg5 Nd7 35. h5 Nf8 36. h6 Rxg5 37. Rxg5+ fxg5 38. h7 Nxh7 39. Bxh7 g4 40. Be4 e5 41. Bf5 g3 42. Be4 Kd6 43. Kf3 c5 44. Kxg3 Ke7 45. Bd5 1-0

[Event "EU-ch U14 Girls 26th"]
[Site "Prague"]
[Date "2016.08.20"]
[Round "3"]
[White "Akulova, Alicia"]
[Black "Ferkova, Dominika"]
[Result "0-1"]
[WhiteElo "1611"]
[BlackElo "1885"]
[PlyCount "102"]
[EventDate "2016.08.18"]
[EventType "swiss"]
[EventRounds "9"]
[EventCountry "CZE"]
[SourceTitle "CBM 174 Extra"]
[Source "ChessBase"]
[SourceDate "2016.10.10"]
[SourceVersion "1"]
[SourceVersionDate "2016.10.10"]
[SourceQuality "1"]

1. e4 c6 2. d4 d5 3. exd5 cxd5 4. c4 Nf6 5. Nc3 Nc6 6. Nf3 Bg4 7. cxd5 Nxd5 8. Qb3 Bxf3 9. gxf3 e6 10. Qxb7 Nxd4 11. Bb5+ Nxb5 12. Qc6+ Ke7 13. Qxb5 Nxc3 14. bxc3 Qd7 15. Qe5 f6 16. Qe4 Rc8 17. Be3 Kf7 18. Rd1 Qc7 19. 0-0 Bd6 20. f4 h6 21. Rfe1 f5 22. Qa4 Rhd8 23. Qxa7 Qxa7 24. Bxa7 Bxf4 25. Rxd8 Rxd8 26. Bd4 e5 27. Be3 Bxe3 28. Rxe3 Kf6 29. Kf1 f4 30. Re1 Rd3 31. Rc1 Rd7 32. a4 Ra7 33. c4 Rxa4 34. c5 Ra7 35. c6 Rc7 36. Kg2 Kf5 37. f3 Ke6 38. Kh3 Kd6 39. Kg4 Rxc6 40. Rxc6+ Kxc6 41. Kf5 Kd5 42. h4 Kd4 43. h5 Ke3 44. Kxe5 Kxf3 45. Kf5 Ke3 46. Kg6 f3 47. Kxg7 f2 48. Kxh6 f1Q 49. Kg7 Qg2+ 50. Kh7 Qe4+ 51. Kg7 Qg4+ 0-1

[Event "Brasschaat op 15th"]
[Site "Brasschaat"]
[Date "2015.08.17"]
[Round "3"]
[White "Viaene, Jan"]
[Black "Akulova, Alicia"]
[Result "0-1"]
[WhiteElo "1841"]
[BlackElo "1512"]
[PlyCount "99"]
[EventDate "2015.08.15"]
[EventType "swiss"]
[EventRounds "9"]
[EventCountry "BEL"]
[SourceTitle "EXT 2016"]
[Source "ChessBase"]
[SourceDate "2015.10.08"]
[SourceVersion "1"]
[SourceVersionDate "2015.10.08"]
[SourceQuality "1"]

1. e4 e5 2. Bc4 Nf6 3. d3 d5 4. exd5 Nxd5 5. Nf3 Nc6 6. 0-0 Bc5 7. Re1 Bg4 8. h3 Bxf3 9. Qxf3 Nf6 10. Bg5 0-0 11. c3 a6 12. b4 Be7 13. Nd2 Nd7 14. Bxe7 Qxe7 15. Ne4 Nb6 16. Bb3 a5 17. b5 Nd8 18. Ng3 a4 19. Bc2 Qc5 20. d4 exd4 21. Nf5 Qxc3 22. Qe4 g6 23. Nh6+ Kg7 24. Ng4 Qc5 25. Qf4 f5 26. Qh6+ Kg8 27. Re5 Qd6 28. Rae1 fxg4 29. Rh5 Qd7 30. Bxg6 Qg7 31. Bxh7+ Kh8 32. Qd2 Nf7 33. Bf5+ Kg8 34. Be6 Qf6 35. Ree5 Kg7 36. Bxf7 Rxf7 37. Reg5+ Kf8 38. Rxg4 Rd8 39. Rh6 Qe5 40. Rg5 Qf4 41. Qxf4 Rxf4 42. Rh8+ Ke7 43. Rg7+ Kf6 44. Rhh7 d3 45. Rf7+ Ke5 46. Rh5+ Ke4 47. f3+ Ke3 48. Re5+ Kd4 49. Re4+ Rxe4 50. fxe4 0-1

[Event "BEL-ch U14 Girls"]
[Site "Blankenberge"]
[Date "2015.04.18"]
[Round "9"]
[White "Akulova, Alicia"]
[Black "Claeys, Elisabeth"]
[Result "1-0"]
[WhiteElo "1503"]
[BlackElo "1205"]
[PlyCount "51"]
[EventDate "2015.04.12"]
[EventType "swiss"]
[EventRounds "9"]
[EventCountry "BEL"]
[SourceTitle "CBM 166 Extra"]
[Source "ChessBase"]
[SourceDate "2015.06.18"]
[SourceVersion "1"]
[SourceVersionDate "2015.06.18"]
[SourceQuality "1"]

1. e4 e5 2. d4 exd4 3. Qxd4 Nc6 4. Qe3 d6 5. Nc3 Nf6 6. Bd2 Be7 7. 0-0-0 0-0 8. Qg3 Kh8 9. f3 h6 10. h4 Nh7 11. Nge2 g5 12. hxg5 Bxg5 13. f4 Bf6 14. Nd5 Bg7 15. Qh2 Nf6 16. f5 h5 17. Bg5 Re8 18. Nxf6 Bxf6 19. Qxh5+ Kg8 20. Qh7+ Kf8 21. Qh6+ Bg7 22. Qh5 Bf6 23. Bh6+ Bg7 24. Bxg7+ Kxg7 25. Qh6+ Kg8 26. Qh8# 1-0

[Event "BEL-ch U14 Girls"]
[Site "Blankenberge"]
[Date "2015.04.15"]
[Round "5"]
[White "Blond Hanten, Elsa"]
[Black "Akulova, Alicia"]
[Result "1/2-1/2"]
[WhiteElo "1449"]
[BlackElo "1503"]
[PlyCount "85"]
[EventDate "2015.04.12"]
[EventType "swiss"]
[EventRounds "9"]
[EventCountry "BEL"]
[SourceTitle "CBM 166 Extra"]
[Source "ChessBase"]
[SourceDate "2015.06.18"]
[SourceVersion "1"]
[SourceVersionDate "2015.06.18"]
[SourceQuality "1"]

1. e4 e5 2. Nf3 Nf6 3. d4 Nxe4 4. Bd3 d5 5. Nxe5 Nd7 6. Nxd7 Bxd7 7. 0-0 Qh4 8. Qf3 0-0-0 9. c4 Nf6 10. cxd5 Bd6 11. h3 Rhe8 12. Nc3 a6 13. Bd2 g6 14. Rab1 Bg4 15. g3 Bxf3 16. gxh4 Nxd5 17. Bc4 Bf8 18. Rfe1 Rxe1+ 19. Rxe1 f5 20. Bg5 Ne7 21. Bxe7 Re8 22. Re3 Bxe7 23. Rxf3 Bxh4 24. Re3 Rd8 25. d5 b5 26. Bb3 Kb7 27. Kg2 Kb6 28. Kf3 a5 29. Re6+ Rd6 30. Re8 Rd8 31. Re2 a4 32. Bc2 Ka5 33. a3 Rd7 34. Re6 Rd6 35. Re2 Rd7 36. Ke3 Re7+ 37. Kd3 Rxe2 38. Kxe2 Be7 39. Kf3 Bh4 40. Ne2 Kb6 41. b3 Be7 42. b4 Bf6 43. Nc1 1/2-1/2